• 首页
  • 本馆介绍
  • 公告通知
  • 最新文献
  • 馆藏检索
  • 电子资源
  • 读者导购
  • 参考咨询
  • 我的图书馆
  • 登录
  • 详细信息显示
  • 放入我的书架
  • 预约/预借图书
  • 作者相关作品
  • 分类相关作品
  • 丛书相关作品
  • 出版社相关作品

书目信息

  • 表格格式
  • 工作单格式
  • 卡片格式
题名:
艺术类型学资料选编
    
 
作者: 陆梅林 , 李心峰 主编
分册:  
出版信息: 武昌   华中师范大学出版社  1998.06
页数: 627页
开本: 32开
丛书名:
单 册:
中图分类: J024
科图分类:
主题词: 艺术--类型学--资料
电子资源:
ISBN: 7-5622-1723-8
000 00617nam0 2200205 45
001 0105231501
005 20031224091341.3
010    @a7-5622-1723-8@dCNY27.00
100    @a20010523d1998 km y0chiy0120 ea
101 0  @achi
105    @a z 000yy
200 1  @a艺术类型学资料选编@AYi Shu Lei Xing Xue Zi Liao Xuan Bian@f陆梅林,李心峰主编@FLu Mei Lin,Li Xin Feng Zhu Bian
210    @a武昌@c华中师范大学出版社@d1998.06
215    @a627页@d32开
606 0  @a艺术@x类型学@x资料
690    @aJ024@v4
701  0 @a陆梅林@4主编
701  0 @a李心峰@4主编
801    @aCN@bTSTC@c20010523
905    @f5@b297700-704@dJ024@e77
    
    艺术类型学资料选编/陆梅林,李心峰主编.-武昌:华中师范大学出版社,1998.06
    627页;32开
    
    
    ISBN 7-5622-1723-8:CNY27.00
    
●
相关链接 在E读中查询图书 在五车中查询图书 在当当中查询图书 在豆瓣中查询图书


正题名:艺术类型学资料选编     索取号:J024/77         预约/预借

序号 登录号 条形码 馆藏地/架位号 状态 备注
1 0297700   202977001   第一借阅区/ [索取号:J024/77] 在馆    
2 0297701   202977010   第一借阅区/ [索取号:J024/77] 在馆    
3 0297702   202977029   第一借阅区/ [索取号:J024/77] 在馆    
4 0297703   202977038   第一借阅区/ [索取号:J024/77] 在馆    
5 0297704   202977047   第一样本阅览室/ [索取号:J024/77] 在馆    
唐山师范学院图书馆 欢迎您!
大连网信软件有限公司© 版权所有